| 000 | 00944cam a2200229 4500 | ||
|---|---|---|---|
| 001 | WS117540 | ||
| 008 | 020417n 000 0 eng u | ||
| 035 | _a(Sirsi) u117540 | ||
| 110 |
_aDepartment of Transport _91172 |
||
| 245 | _aMobility and inclusion | ||
| 520 | _aSite for this government unit whose aim is to achieve policies and provisions for public transport users, pedestrians and motorists that are acceptable, accessible, available and affordable. Includes sections on transport for disabled and older people. | ||
| 650 | _aGOVERNMENT | ||
| 650 | _aTRANSPORT | ||
| 650 | _aRAILWAYS | ||
| 650 | _aMANAGEMENT-BUSINESS MANAGEMENT-DISCRIMINATION-DISABILITY DISCRIMINATION-ACCESSIBILITY | ||
| 650 | _aPUBLIC TRANSPORT | ||
| 650 | _aPEDESTRIANS | ||
| 650 | _aMOBILITY | ||
| 690 | _aTRANSPORT | ||
| 856 | 4 | 0 |
_uhttps://www.mobility-unit.dft.gov.uk _zView the website free of charge at www.mobility-unit.dft.gov.uk... |
| 942 | _n0 | ||
| 999 |
_c120013 _d120013 |
||